| 000 | 01244cam a22002415a 4500 | ||
|---|---|---|---|
| 001 | L149535 | ||
| 008 | 100316e2010 xxk 000 0 eng d | ||
| 035 | _a(Sirsi) u149535 | ||
| 041 | 0 | _aeng | |
| 100 | 1 | _aShah, Aditi | |
| 245 | 0 | 0 |
_aMarkets _bHerts, Beds, Bucks and Oxon |
| 260 | _c2010 | ||
| 490 |
_aProperty Week _v76(8) 26 February 2010, 43-52(6) |
||
| 520 | _aProposals are being submitted for the £150m redevelopment of Watford's town centre site, Charter Place. Office take-up momentum in Milton Keynes has been maintained in the first two months of 2010. Wasps and Wycombe Wanderers Rugby Club plans a £50m ,100 acre sports village including a 20 000-seat stadium. Bicester Village, UK's largest designer outlet, will celebrate its 15th birthday in April. The Crown Estate has bought Oxford's Westgate shopping centre. St Modwen attempts to regenerate Hatfield town centre for the second time. Dandara is building the Galleries, its £55m mixed-use scheme in Hemel Hempstead. | ||
| 590 | _aKA | ||
| 651 | 4 | _aHertfordshire | |
| 651 | 4 | _aOxfordshire | |
| 651 | 4 | _aBedfordshire | |
| 651 | 4 | _aBuckinghamshire | |
| 690 | _aPROPERTY-COMMERCIAL PROPERTY-COMMERCIAL PROPERTY MARKET | ||
| 700 | 1 | _aBourne, Richard | |
| 942 | _n0 | ||
| 999 |
_c82203 _d82203 |
||